| 000 | 00383nam a22001697a 4500 | ||
|---|---|---|---|
| 005 | 20160613163827.0 | ||
| 008 | 160613b xxu||||| |||| 00| 0 eng d | ||
| 020 | _a978-0-600-61742-6 | ||
| 041 | _aeng | ||
| 082 | _b7291 | ||
| 100 |
_aASH, Russell _91817 |
||
| 245 | _aTop 10 of Every thing 2010 | ||
| 260 | _bImrulse | ||
| 300 | _a247 | ||
| 650 |
_aManagement _9241 |
||
| 942 | _cBK | ||
| 999 |
_c2553 _d2552 |
||